000 00357nam a22001217a 4500
008 130613b xxu||||| |||| 00| 0 eng d
082 _222 ed.
_a348.041WEE
_b1
100 _aELLIS,C.J.
245 _aThe Weekly Law Reports 1987 VOL.3
_cELLIS,C.J
260 _aLONDONB
_bTHE INCORPROATE COUNCIL OF LAW REPORTING
300 _axxvi,;1244p
_c24cm
942 _2ddc
_cLRT
999 _c5398
_d5398